Sustancias biologicas: patrones, preparaciones de referencia y reactivos de referencia internacionales (Registro nro. 1979)

Detalles MARC
000 -LEADER
fixed length control field 00896nam a2200253 a 4500
003 - CONTROL NUMBER IDENTIFIER
control field OSt
005 - FECHA ULTIMA MODIFICACION
control field 20131104143729.0
008 - FIXED-LENGTH DATA ELEMENTS--GENERAL INFORMATION
fixed length control field 131104s1982 sz ||||| |||| 00| 0 spa d
020 ## - INTERNATIONAL STANDARD BOOK NUMBER
International Standard Book Number 92-4-354161-7
040 ## - CATALOGING SOURCE
Transcribing agency Biblioteca Medicina
041 ## - LANGUAGE CODE
Language code of text/sound track or separate title spa
082 ## - DEWEY DECIMAL CLASSIFICATION NUMBER
Classification number OMS QV 16
110 ## - MAIN ENTRY--CORPORATE NAME
Corporate name or jurisdiction name as entry element Organizacion Mundial de la Salud
9 (RLIN) 1006
245 00 - TITLE STATEMENT
Title Sustancias biologicas: patrones, preparaciones de referencia y reactivos de referencia internacionales
250 ## - EDITION STATEMENT
Edition statement 1° ed.
260 ## - PUBLICATION, DISTRIBUTION, ETC. (IMPRINT)
Place of publication, distribution, etc Ginebra
Name of publisher, distributor, etc Organizacion Mundial de la Salud
Date of publication, distribution, etc 1982
300 ## - PHYSICAL DESCRIPTION
Extent 88 p.
653 3# - INDEX TERM--UNCONTROLLED
Uncontrolled term AGENTES BIOLOGICOS
653 3# - INDEX TERM--UNCONTROLLED
Uncontrolled term SUSTANCIAS BIOLOGICAS-PATRONES
653 3# - INDEX TERM--UNCONTROLLED
Uncontrolled term SUSTANCIAS BIOLOGICAS-REACTIVOS
856 ## - ELECTRONIC LOCATION AND ACCESS
Link text http://www.who.int/ipcs/publications/ehc/ehc_numerical/en/index.html
942 ## - ADDED ENTRY ELEMENTS (KOHA)
Source of classification or shelving scheme Dewey Decimal Classification
Koha item type Hemeroteca
Existencias
Withdrawn status Lost status Fuente de clasificación Damaged status Not for loan Colección Ubicación permanente Ubicación actual Sala de ubicación Fecha de adquisición Total Checkouts Número de clasificación Código de barras Date last seen Número de ejemplar Price effective from Koha tipo de elemento (item)
    Dewey Decimal Classification     Non-fiction Biblioteca Medicina Biblioteca Medicina Circulación 04/11/2013   OMS QV 16 H0230 06/11/2014 Ej. 1 04/11/2013 Hemeroteca

UNIVERSIDAD NACIONAL DEL COMAHUE
Biblioteca de la Facultad de Ciencias Médicas
Sede Toschi: Los Arrayanes y Av. Toschi, Cipolletti  - Rio Negro
Sede Los Tordos:  Yrigoyen al 2211, Cipolletti - Rio Negro 

Teléfono: 0299 - 4774707 int 25
Contacto: biblioteca@facimed.uncoma.edu.ar
© 2011 - 2026